User's guide to CORN-AP : a maize growth model for an Apple computer /

Bibliographic Details
Main Author: Jackson, Bruce, 1951-
Corporate Author: Texas Agricultural Experiment Station
Other Authors: Arkin, G. F. (Gerald F.)
Format: Government Document Book
Language:English
Published: College Station, Tex. : Texas Agricultural Experiment Station, Texas A&M University System, [publisher not identified] ; 1984.
Series:Miscellaneous publication (Texas Agricultural Experiment Station) ; no.1571.
Subjects:

MARC

Tag First Indicator Second Indicator Subfields
LEADER 00000cam a2200000 a 4500
001 in00001069340
005 20150929093036.0
008 850123s1984 txub f s00010 eng d
035 |a (OCoLC)11609499 
035 |9 AFM7756AM 
040 |a IKM  |c IKM  |d UtOrBLW 
049 |a IKMd 
086 |a Z TA245.7 M681 no.1571  |2 txdocs 
099 |a Z  |a TA245.7  |a M681  |a no.1571 
100 1 |a Jackson, Bruce,  |d 1951- 
245 1 0 |a User's guide to CORN-AP :  |b a maize growth model for an Apple computer /  |c Bruce S. Jackson and Gerald F. Arkin. 
264 1 |a College Station, Tex. : Texas Agricultural Experiment Station, Texas A&M University System,  |b [publisher not identified] ;  |c 1984. 
300 |a ii, 72 pages :  |b maps ;  |c 28 cm. 
336 |a text  |b txt  |2 rdacontent 
337 |a unmediated  |b n  |2 rdamedia 
338 |a volume  |b nc  |2 rdacarrier 
490 1 |a MP ;  |v 1571 
500 |a "October 1984". 
650 0 |a Corn  |x Growth  |x Computer programs  |x Handbooks, manuals, etc. 
700 1 |a Arkin, G. F.  |q (Gerald F.) 
710 2 |a Texas Agricultural Experiment Station. 
830 0 |a Miscellaneous publication (Texas Agricultural Experiment Station) ;  |v no.1571. 
999 |a MARS 
999 f f |s d420c41a-8c97-3028-bdec-9f14aa5d0867  |i c290b4c7-a618-337b-ae84-cb8976699255  |t 0 
952 f f |p normal  |a Texas A&M University  |b College Station  |c Sterling C. Evans Library  |d Evans: Preservation Digitization (see AskUs desk for assistance)  |t 0  |e Z TA245.7 M681 no.1571  |h Superintendent of Documents classification  |i unmediated -- volume  |m A14838314529 
998 f f |a Z TA245.7 M681 no.1571  |t 0  |l Evans: Texas Documents (Annex 5th floor)